000 00398cam a22001337a 4500
008 180718b1984 xxu||||| |||| 00| 0 eng d
082 _aLx54 F/8
100 _aIndia. Finance Commission
245 _aReport of the Eighth Finance Commission, 1984
260 _aDelhi
_bThe Controller of Publications
_c1984
300 _a268p.
500 _aChairman: Y.B. Chavan
700 _aChavan, Y.B. (Chairman)
999 _c489378
_d489378